000 00409nam a2200157Ia 4500
008 240729s9999 xx 000 0 und d
022 _a2689-0186
245 0 _aJAMA Health Forum
260 _aUnited States
260 _bJAMA Network
650 _a Public aspects of medicine
650 _aMedicine
856 _uhttps://doaj.org/toc/c202238a44c54ad4b845664faf0a4937
942 _2ddc
942 _cDOAJEJ
999 _c73279
_d73279
945 _a1
_bMadushi Gamage
_c1
_dMadushi Gamage